Qui sont les physiciens du congrès Solvay 1927 ? - Statistiques

Statistiques générales
  • Ce quiz a été pris 39 fois
  • Le résultat moyen est 9 sur 29
Statistiques - réponses
Hint Réponse % Correct
Germano-Americano-Suisso-Apatride, Nobel de Physique en 1921 pour la découverte de l'effet photoélectrique. Également connu pour une nouvelle compréhension de l'espace-temps et la preuve théorique de l'existence des atomes... A calculé la vitesse à la lumière dans le vide. Albert Einstein
97%
Danois, Nobel de Physique 1922 pour ses contributions à la physique quantique. Porte le nom d'un modèle d'atome. Niels Bohr
97%
Française, Nobel de Physique 1903 pour la découverte du polonium et du radium. Nobel de Chimie 1911 pour ses travaux sur ces deux éléments. Marie Curie
93%
Allemand, Nobel de Physique 1918 pour la théorie des quanta. Notamment connu pour la loi du rayonnement d'un corps noir. Max Planck
83%
Autrichien, Nobel de Physique 1933 pour la fonction d'onde en mécanique quantique. Connu pour une célèbre expérience de pensée à propos d'un chat. Erwin Schrödinger
79%
Allemand, Nobel de Physique 1932 pour le principe d'incertitude et une écriture matricielle des équations de la mécanique quantique. Heisenberg
79%
Britannique, Nobel de Physique 1933 pour ses contributions en mécanique quantique, notamment en incluant l'effet relativiste pour décrire l'électron et la prédiction de l'antimatière. Paul Dirac
62%
Autrichien, Nobel de Physique 1945 pour son principe d'exclusion. Wolfgang Pauli
55%
Français, Nobel de Physique 1929 pour la découverte de la nature ondulatoire de l'électron. Louis De Broglie
52%
Néerlandais, Nobel de Physique 1902 sur les influences du magnétisme sur les effets radiatifs. Hendrik Lorentz
31%
Allemand, Nobel de Physique 1954 pour la théorie des quanta, et est le premier à donner une interprétation physique aux maths de la physique quantique. Max Born
28%
Français, inventeur du sonar, théoricien du mouvement brownien et du magnétisme. Paul Langevin
24%
Britannique, Nobel de Physique 1915, pour l'étude de la diffraction des radiations sur un cristal. William Bragg
17%
Néerlandais, Nobel de Chimie 1936 pour ses contributions à la compréhension de la structure moléculaire. De nombreux concepts et grandeurs portent son nom. Peter Debye
14%
Suisse, physicien et aéronaute. Connu pour son attrait pour l'exploration verticale. Auguste Piccard
7%
Britannique, Nobel de Physique 1927 pour l'invention de la chambre à brouillard, le premier détecteur de particule. Charles Wilson
7%
Français, parmi les fondateurs de la physique du solide. A contribué sur les ondes se diffusant dans un solide. Léon Brillouin
7%
Autrichien, a d'importantes contributions en physique statistique et quantique. Paul Ehrenfest
7%
Britannique, astronome et physicien. Découverte de l'émission par effet de champ. Ralph Fowler
7%
Français, a démontré la radioactivité du potassium et du rubidium. Emile Henriot
3%
Néerlandais, connu pour la relation qui porte son nom et celle de son camarade Kronig (non invité). Hendrik Kramers
3%
Belge, physicien de l'université de Gand. Jules-Emile Verschaffelt
3%
Américain, Nobel de Physique 1927, pour la preuve de l'aspect corpusculaire du rayonnement électromagnétique. Arthur Compton
0%
Suisse, a travaillé sur le comportement des électrons dans un gaz. Charles-Eugène Guye
0%
Belge, collaborateur d'Ernest Solvay. Edouard Herzen
0%
Américain, Nobel de chimie 1932 pour ses travaux en chimie des surfaces. A donné son nom au "plasma". Irving Langmuir
0%
Danois, contribution en théorie de la cinétique moléculaire. Martin Knudsen
0%
Britannique, Nobel de Physique 1928 pour ses travaux sur la thermoïonique. Richardson
0%
Belge, parmi les fondateurs de la chimie mathématique. Theophile Donder
0%
Aucun quiz correspondant
Distribution des résultats
% des personnes avec chaque résultat
Percentile par nombre de réponses
Votre historique - résultats
Vous n’avez pas pris ce quiz